00507 2200181 4500001002100000005001700021008004100038020002400079035002500103090002200128245002600150260004500176300003200221650002800253700001600281850001200297990001600309YOGYA-0211000000359020150327093313.0 ind  a979-8633-40-7 (jil) a0010-021100000003590 aRQ 297.12203bEns aENSIKLOPEDI Al-Qur an aYogyakartabDana Bhakti Prima Yasac2002 a... jilid :bilus.;c28 cm. aAl-Qur an - Ensiklopedi aSonhaji, HM aYOPDYOG a542-PD/P.04